[Event "World Corporate East F"]
[Site "Chess.com INT"]
[Date "2021.02.20"]
[Round "5.4"]
[White "Shuvalova, Polina"]
[Black "Kulagin, Sergey"]
[Result "1-0"]
[WhiteElo "2476"]
[BlackElo "2047"]
[PlyCount "49"]
[EventDate "2021.02.19"]
[EventType "team (rapid)"]
[EventRounds "7"]
[EventCountry "USA"]
[SourceTitle "EXT 2022"]
[Source "ChessBase"]
[SourceDate "2021.10.06"]
[SourceVersion "1"]
[SourceVersionDate "2021.10.06"]
[SourceQuality "1"]
[WhiteTeam "RFSO Lokomotiv"]
[BlackTeam "MMK"]
[WhiteTeamCountry "RUS"]
[BlackTeamCountry "RUS"]

1. e4 c5 2. Nf3 Nc6 3. Bb5 e6 4. Bxc6 bxc6 5. d3 Ne7 6. Qe2 Ng6 7. h4 h5 8. e5 Be7 9. g3 f6 10. Qe4 Kf7 11. Na3 Qc7 12. Nc4 Ba6 13. Bf4 Bxc4 14. dxc4 Nxf4 15. Qxf4 f5 16. Qe3 Qa5+ 17. Ke2 Qc7 18. Rhd1 Rad8 19. Rd3 d5 20. exd6 Rxd6 21. Rxd6 Qxd6 22. Rd1 Qc7 23. Ne5+ Kf6 24. Qg5+ Kxe5 25. Qxg7+ 1-0

[Event "World Corporate East F"]
[Site "Chess.com INT"]
[Date "2021.02.19"]
[Round "3.5"]
[White "Kulagin, Sergey"]
[Black "Gailliegue, Florian"]
[Result "1/2-1/2"]
[WhiteElo "2047"]
[BlackElo "2049"]
[PlyCount "118"]
[EventDate "2021.02.19"]
[EventType "team (rapid)"]
[EventRounds "7"]
[EventCountry "USA"]
[SourceTitle "EXT 2022"]
[Source "ChessBase"]
[SourceDate "2021.10.06"]
[SourceVersion "1"]
[SourceVersionDate "2021.10.06"]
[SourceQuality "1"]
[WhiteTeam "MMK"]
[BlackTeam "FI"]
[WhiteTeamCountry "RUS"]
[BlackTeamCountry "FRA"]

1. e4 d6 2. d4 Nf6 3. Nc3 c6 4. f3 Nbd7 5. Be3 e5 6. Qd2 Be7 7. a4 Qc7 8. Nge2 0-0 9. Ng3 Re8 10. Bc4 b6 11. Bb3 a6 12. 0-0 Bb7 13. Rad1 Bf8 14. Nf5 Rad8 15. Qf2 exd4 16. Bxd4 c5 17. Be3 c4 18. Ba2 Qc6 19. Qg3 Ne5 20. Nh6+ Kh8 21. Nf5 Qc7 22. Bg5 Be7 23. Nxe7 Qxe7 24. f4 Neg4 25. Bxc4 h6 26. Bxf6 Nxf6 27. e5 dxe5 28. Rxd8 Rxd8 29. fxe5 Qc5+ 30. Kh1 Qxc4 31. Qf2 Ng4 32. Qxf7 Bxg2+ 33. Kxg2 Ne3+ 34. Kg1 Qg4+ 35. Kf2 Nxc2 36. Rd1 Rxd1 37. Nxd1 Qxd1 38. Qf8+ Kh7 39. Qf5+ Kg8 40. Qc8+ Kf7 41. Qc7+ Ke6 42. Qxb6+ Kxe5 43. Qc7+ Kf5 44. Qf7+ Ke4 45. Qe6+ Kd3 46. Qxa6+ Kd2 47. Qd6+ Kc1 48. Qxd1+ Kxd1 49. a5 Nb4 50. Ke3 Kc2 51. Ke4 Kxb2 52. Kf5 Kc3 53. Kg6 Kc4 54. Kxg7 Kb5 55. Kxh6 Kxa5 56. Kg6 Kb5 57. h4 Nd5 58. h5 Nf4+ 59. Kg5 Nxh5 1/2-1/2

[Event "Chigorin Memorial 24th"]
[Site "St Petersburg"]
[Date "2016.10.18"]
[Round "4"]
[White "Kulagin, Sergey"]
[Black "Pavlov, Mikhail"]
[Result "1-0"]
[WhiteElo "2054"]
[BlackElo "1645"]
[PlyCount "27"]
[EventDate "2016.10.15"]
[EventType "swiss"]
[EventRounds "9"]
[EventCountry "RUS"]
[SourceTitle "CBM 175 Extra"]
[Source "ChessBase"]
[SourceDate "2016.12.12"]
[SourceVersion "1"]
[SourceVersionDate "2016.12.12"]
[SourceQuality "1"]

1. e4 c6 2. d4 d5 3. Nd2 dxe4 4. Nxe4 Bf5 5. Ng3 Bg6 6. h4 h6 7. Nh3 e6 8. Nf4 Bh7 9. Bc4 Qc7 10. c3 Bd6 11. Qg4 Kf8 12. 0-0 Nf6 13. Qf3 Nd5 14. Nxe6+ 1-0

[Event "Chigorin Memorial 23rd"]
[Site "St Petersburg"]
[Date "2015.10.09"]
[Round "7"]
[White "Kulagin, Sergey"]
[Black "Rybaizen, Boris"]
[Result "1-0"]
[WhiteElo "2055"]
[BlackElo "2324"]
[PlyCount "81"]
[EventDate "2015.10.03"]
[EventType "swiss"]
[EventRounds "9"]
[EventCountry "RUS"]
[SourceTitle "CBM 168 Extra"]
[Source "ChessBase"]
[SourceDate "2015.10.29"]
[SourceVersion "1"]
[SourceVersionDate "2015.10.29"]
[SourceQuality "1"]

1. e4 c6 2. d4 d5 3. Nd2 dxe4 4. Nxe4 Bf5 5. Ng3 Bg6 6. h4 h6 7. N1e2 e6 8. Nf4 Bh7 9. Bc4 Nf6 10. c3 Bd6 11. Nfh5 0-0 12. Bg5 Nbd7 13. Nxf6+ Nxf6 14. Bd3 Bxd3 15. Qxd3 Be7 16. 0-0-0 Nd5 17. Bxe7 Qxe7 18. Ne4 f5 19. Nd2 e5 20. dxe5 Qxe5 21. g3 a5 22. Rhe1 Qf6 23. Nc4 b5 24. Ne3 Rad8 25. Nxd5 Rxd5 26. Qe2 Rfd8 27. Rxd5 Rxd5 28. Qe6+ Qxe6 29. Rxe6 c5 30. Ra6 a4 31. c4 bxc4 32. Rxa4 Rd4 33. Ra8+ Kf7 34. a4 f4 35. a5 f3 36. a6 Re4 37. a7 Re1+ 38. Kd2 Re2+ 39. Kc3 Rxf2 40. Rd8 Rf1 41. a8Q 1-0

[Event "Voronezh op 16th"]
[Site "Voronezh"]
[Date "2012.06.21"]
[Round "9"]
[White "Kulagin, Sergey"]
[Black "Baraeva, Marina"]
[Result "1/2-1/2"]
[WhiteElo "2120"]
[BlackElo "2165"]
[PlyCount "60"]
[EventDate "2012.06.12"]
[EventType "swiss"]
[EventRounds "9"]
[EventCountry "RUS"]
[SourceTitle "CBM 149 Extra"]
[Source "ChessBase"]
[SourceDate "2012.08.24"]
[SourceVersion "1"]
[SourceVersionDate "2012.08.24"]
[SourceQuality "1"]

1. e4 e6 2. d4 d5 3. Nd2 c5 4. exd5 Qxd5 5. Ngf3 cxd4 6. Bc4 Qd6 7. Qe2 Nf6 8. Nb3 Nc6 9. Bg5 a6 10. 0-0-0 b5 11. Bd3 Be7 12. Nbxd4 Nxd4 13. Nxd4 Qc5 14. h4 h6 15. Be3 Qc7 16. g4 Bb7 17. Rhg1 Rd8 18. g5 hxg5 19. hxg5 Nd7 20. g6 Ne5 21. gxf7+ Kxf7 22. Bg6+ Nxg6 23. Qg4 Qe5 24. Qxg6+ Kg8 25. Rde1 Bd5 26. Rg3 Qf6 27. Reg1 Rh7 28. Qd3 Bc4 29. Qe4 Bd5 30. Qd3 Bc4 1/2-1/2

[Event "Voronezh op 16th"]
[Site "Voronezh"]
[Date "2012.06.16"]
[Round "5"]
[White "Manelis, Vladimir"]
[Black "Kulagin, Sergey"]
[Result "1-0"]
[WhiteElo "2284"]
[BlackElo "2120"]
[PlyCount "65"]
[EventDate "2012.06.12"]
[EventType "swiss"]
[EventRounds "9"]
[EventCountry "RUS"]
[SourceTitle "CBM 149 Extra"]
[Source "ChessBase"]
[SourceDate "2012.08.24"]
[SourceVersion "1"]
[SourceVersionDate "2012.08.24"]
[SourceQuality "1"]

1. e4 c5 2. c3 Nf6 3. e5 Nd5 4. d4 cxd4 5. Nf3 Nc6 6. cxd4 d6 7. Nc3 dxe5 8. dxe5 Nxc3 9. Qxd8+ Nxd8 10. bxc3 Bd7 11. Be3 g6 12. Rb1 Bg7 13. Bb5 Bxb5 14. Rxb5 a6 15. Rb6 Rc8 16. Bd4 0-0 17. 0-0 f6 18. Re1 Rc6 19. h3 Rxb6 20. Bxb6 Nc6 21. Rd1 fxe5 22. Rd7 Rb8 23. Ng5 Bf6 24. Ne4 Kf7 25. Kf1 Ke8 26. Rc7 Bh8 27. Ke2 Nd8 28. Ba7 Ra8 29. Bc5 Nc6 30. Rxb7 Kd8 31. Bb6+ Ke8 32. Rc7 Nb8 33. Rc8+ 1-0

[Event "Voronezh op 16th"]
[Site "Voronezh"]
[Date "2012.06.15"]
[Round "4"]
[White "Kulagin, Sergey"]
[Black "Papayan, Oleg"]
[Result "0-1"]
[WhiteElo "2120"]
[BlackElo "2294"]
[PlyCount "49"]
[EventDate "2012.06.12"]
[EventType "swiss"]
[EventRounds "9"]
[EventCountry "RUS"]
[SourceTitle "CBM 149 Extra"]
[Source "ChessBase"]
[SourceDate "2012.08.24"]
[SourceVersion "1"]
[SourceVersionDate "2012.08.24"]
[SourceQuality "1"]

1. e4 e6 2. d4 d5 3. Nd2 c5 4. exd5 Qxd5 5. Ngf3 cxd4 6. Bc4 Qd6 7. Qe2 Nf6 8. Nb3 Nc6 9. Bg5 a6 10. 0-0-0 b5 11. Bd3 Bd7 12. Bxf6 Qf4+ 13. Kb1 Qxf6 14. Be4 Rc8 15. Nfxd4 Ne5 16. f4 Nc4 17. f5 e5 18. Nf3 Bxf5 19. Bxf5 Qxf5 20. Nbd4 Qf6 21. Nxe5 Qxe5 22. Qd3 Be7 23. Rde1 Qc7 24. Nf5 Ne5 25. Qg3 0-1

[Event "Chigorin Memorial 19th"]
[Site "St Petersburg"]
[Date "2011.10.17"]
[Round "4"]
[White "Sirletti, Sonia"]
[Black "Kulagin, Sergey"]
[Result "1-0"]
[WhiteElo "1940"]
[BlackElo "2128"]
[PlyCount "117"]
[EventDate "2011.10.14"]
[EventType "swiss"]
[EventRounds "9"]
[EventCountry "RUS"]
[SourceTitle "CBM 144 Extra"]
[Source "ChessBase"]
[SourceDate "2011.10.28"]
[SourceVersion "1"]
[SourceVersionDate "2011.10.28"]
[SourceQuality "1"]

1. d4 e6 2. g3 c5 3. c3 d5 4. Bg2 Nc6 5. Nf3 Be7 6. 0-0 h6 7. Nbd2 Nf6 8. Re1 0-0 9. e4 dxe4 10. Nxe4 cxd4 11. cxd4 Nb4 12. Ne5 Nbd5 13. Be3 Bd7 14. Nxf6+ Bxf6 15. Bxd5 exd5 16. Qb3 Bh3 17. Qxb7 Qd6 18. Bf4 Qe6 19. Qc6 Qf5 20. Qxd5 g5 21. Bd2 Rad8 22. Qe4 Qxe4 23. Rxe4 Bf5 24. Ree1 Rxd4 25. Bc3 Rd5 26. Rad1 Rfd8 27. Rxd5 Rxd5 28. Kg2 Kg7 29. h3 Be6 30. a3 h5 31. Re3 Rd1 32. f3 Rc1 33. Re2 g4 34. hxg4 hxg4 35. fxg4 Bd5+ 36. Kf2 Rh1 37. Ke3 Bg5+ 38. Kd4 Rd1+ 39. Kc5 f6 40. Nc4 Kf8 41. Nd6 Bf3 42. Re8+ Kg7 43. Nf5+ Kf7 44. Re7+ Kf8 45. Rxa7 Bxg4 46. Ra8+ Kf7 47. Nd6+ Ke7 48. Nc4 Rd3 49. Ra7+ Ke6 50. Ra6+ Ke7 51. a4 Rxg3 52. a5 f5 53. Ra7+ Ke6 54. Ra6+ Kd7 55. Ne5+ Ke8 56. Nxg4 fxg4 57. Rg6 Be3+ 58. Kd6 Rg1 59. Re6+ 1-0

[Event "Cheliabinsk op 02"]
[Site "Cheliabinsk"]
[Date "2009.03.05"]
[Round "6"]
[White "Barkov, Alexey"]
[Black "Kulagin, Sergey"]
[Result "0-1"]
[WhiteElo "2029"]
[BlackElo "2141"]
[PlyCount "64"]
[EventDate "2009.02.28"]
[EventType "swiss"]
[EventRounds "9"]
[EventCountry "RUS"]
[SourceTitle "CBM 129 Extra"]
[Source "ChessBase"]
[SourceDate "2009.05.05"]
[SourceVersion "2"]
[SourceVersionDate "2009.05.20"]
[SourceQuality "1"]

1. d4 e6 2. Nf3 f5 3. c4 Nf6 4. Nc3 b6 5. g3 Bb7 6. Bg2 Be7 7. 0-0 Ne4 8. d5 Nxc3 9. bxc3 0-0 10. dxe6 dxe6 11. Qxd8 Rxd8 12. Nd4 Bxg2 13. Kxg2 Kf7 14. e4 c5 15. Nb5 Nc6 16. exf5 exf5 17. Nc7 Rac8 18. Nd5 Bf6 19. Re1 Na5 20. Bf4 Nxc4 21. Rad1 g5 22. Bc1 h6 23. h4 Nd6 24. f3 Nc4 25. Rh1 gxh4 26. Bxh6 hxg3 27. Bf4 Rh8 28. Bxg3 Rcd8 29. Rhe1 Bg5 30. Be5 Rhg8 31. Kh3 Bd2 32. Rxd2 Nxd2 0-1

[Event "Cheliabinsk Region Cup 5th"]
[Site "Cheliabinsk"]
[Date "2007.09.05"]
[Round "4"]
[White "Kulagin, Sergey"]
[Black "Bobotkov, Vladimir"]
[Result "0-1"]
[WhiteElo "2175"]
[BlackElo "2163"]
[PlyCount "62"]
[EventDate "2007.09.02"]
[EventType "swiss"]
[EventRounds "9"]
[EventCountry "RUS"]
[SourceTitle "EXT 2022"]
[Source "ChessBase"]
[SourceDate "2021.10.06"]
[SourceVersion "1"]
[SourceVersionDate "2021.10.06"]
[SourceQuality "1"]

1. e4 c6 2. d4 d5 3. Nc3 dxe4 4. Nxe4 Bf5 5. Ng3 Bg6 6. h4 h6 7. N1e2 e6 8. Nf4 Bh7 9. Bc4 Nf6 10. c3 Bd6 11. Nfh5 Rg8 12. Qf3 Nbd7 13. Bf4 Qc7 14. 0-0-0 0-0-0 15. Rhe1 Bxf4+ 16. Nxf4 Nd5 17. Nxd5 cxd5 18. Bd3 Bxd3 19. Rxd3 Nb6 20. Nf1 Nc4 21. Ne3 Nxe3 22. Rdxe3 Rd6 23. Kb1 Ra6 24. a3 Rb6 25. g4 Rd8 26. g5 hxg5 27. hxg5 Qe7 28. Ka1 Rdd6 29. Qg2 Rb3 30. f4 Ra6 31. Qxd5 Qxa3+ 0-1

[Event "Cheliabinsk Region Cup 5th"]
[Site "Cheliabinsk"]
[Date "2007.09.04"]
[Round "3"]
[White "Korostelev, Stanislav"]
[Black "Kulagin, Sergey"]
[Result "1-0"]
[WhiteElo "2184"]
[BlackElo "2175"]
[PlyCount "83"]
[EventDate "2007.09.02"]
[EventType "swiss"]
[EventRounds "9"]
[EventCountry "RUS"]
[SourceTitle "EXT 2022"]
[Source "ChessBase"]
[SourceDate "2021.10.06"]
[SourceVersion "1"]
[SourceVersionDate "2021.10.06"]
[SourceQuality "1"]

1. e4 c5 2. d4 cxd4 3. Nf3 Nc6 4. c3 Nf6 5. e5 Nd5 6. Bc4 Nb6 7. Bb3 d6 8. exd6 Qxd6 9. 0-0 Be6 10. Na3 Bxb3 11. Qxb3 Qd5 12. Nb5 Qxb3 13. axb3 Kd7 14. Rd1 a6 15. Nbxd4 Nxd4 16. Rxd4+ Kc8 17. Ne5 f6 18. Rb4 Nd5 19. Rc4+ Kb8 20. Nd7+ Ka7 21. Be3+ Nxe3 22. Rxa6+ Kxa6 23. Ra4+ Kb5 24. Rxa8 Ng4 25. Nxf8 Ne5 26. Rb8 Kc6 27. Rc8+ Kb5 28. Rd8 Nc6 29. Rd5+ Kb6 30. Ne6 Ra8 31. g3 g5 32. b4 Ra1+ 33. Kg2 Rb1 34. Nc5 Ne5 35. Rd4 Kc6 36. Rd2 b6 37. Nb3 Nc4 38. Rd8 Kc7 39. Rd4 Nxb2 40. h4 h6 41. hxg5 hxg5 42. b5 1-0